Ethnic groups in Myanmar - Statistics

General Stats
  • This quiz has been taken 79 times
  • The average score is 9 of 33
Answer Stats
Family Population Ethnicity % Correct
Sino-Tibetan (Karenic) 5.32 million Karen
90%
Sino-Tibetan (Zo) 1.5 million Chin
82%
Indo-European (Indo-Aryan) 600 k Rohingya
63%
Kra-Dai (Tai) 5 million Shan
63%
Sino-Tibetan (Lolo-Burmese) 35 million Bamar
61%
Austroasiatic (Mon-Khmer) 2.6 million Mon
55%
Sino-Tibetan (Sinitic) 2 million Chinese
51%
Hmong-Mien (Hmongic) 40 k Hmong
45%
Austroasiatic (Khasi-Palaungic) 800 k Wa
43%
Austronesian (Malayo-Polynesian) 27 k Malay
41%
Sino-Tibetan (Zo) 300 k Naga
35%
Sino-Tibetan (Lolo-Burmese) 3.1 million Rakhine
35%
Indo-European (Indo-Aryan)Dravidian (Southern) 1.64 million Indian
31%
Sino-Tibetan (Zo) 400 k Mizo
29%
Austroasiatic (Khasi-Palaungic) 557 k Palaung
27%
Sino-Tibetan (Lolo-Burmese)Indo-European (Germanic) 52 k Anglo-Burmese
18%
Sino-Tibetan (Lolo-Burmese) 500 k Lisu
18%
Sino-Tibetan (Sal) 25 k Meitei
18%
Sino-Tibetan (Sal) 1 million Jingpo
16%
Sino-Tibetan (Lolo-Burmese) 150 k Lahu
16%
Sino-Tibetan (Lolo-Burmese) 33 k Achang
10%
Sino-Tibetan (Lolo-Burmese) 30 k Lashi
6%
Austronesian (Malayo-Polynesian) 2 k Moken
6%
Sino-Tibetan (Zo) 83 k Mro
6%
Sino-Tibetan (Lolo-Burmese) 200 k Hani
2%
Sino-Tibetan (Sal) 180 k Kadu
2%
Sino-Tibetan (Lolo-Burmese) 50 k Kamein
2%
Sino-Tibetan (Sinitic) 3 k Panthay
2%
Indo-European (Indo-Aryan) 80 k Chakma (Daingnet)
0%
Indo-European (Indo-Aryan) 405 k Gurkha
0%
Sino-Tibetan (Sal) 12 k Mru
0%
Kra-Dai (Tai) 200 k Tai Khamti
0%
Sino-Tibetan (Lolo-Burmese) 150 k Zaiwa
0%
No matching quizzes found
Score Distribution
Percent of People with Each Score
Percentile by Number Answered
Your Score History
You have not taken this quiz